Villes françaises avec un club en 1ère division - Statistiques

Statistiques générales
  • Ce quiz a été pris 46 fois
  • Le résultat moyen est 35 sur 62
Statistiques - réponses
Sports Région Ville % Correct
Basketball/Rugby Auvergne Rhône-Alpes Lyon
100%
Basketball/Football/Handball/Rugby/Volley-ball Île de France Paris
95%
Football Grand Est Metz
90%
Football/Handball Bretagne Rennes
90%
Basketball/Football Grand Est Strasbourg
90%
Football Bretagne Brest
88%
Football Provence Alpes Côte d'Azur Marseille
88%
Football/Handball Pays de la Loire Nantes
88%
Football/Handball/Rugby/Volley-ball Occitanie Toulouse
88%
Football Pays de la Loire Angers
85%
Rugby Nouvelle-Aquitaine Bordeaux
85%
Basketball/Handball Bourgogne Franche-Comté Dijon
85%
Football Hauts de France Lens
85%
Football/Volley-ball Provence Alpes Côte d'Azur Nice
85%
Football/Volley-ball Hauts de France Lille
83%
Football Bourgogne Franche-Comté Auxerre
78%
Football Normandie Le Havre
78%
Handball/Rugby/Volley-ball Occitanie Montpellier
78%
Basketball Grand Est Nancy
78%
Rugby Nouvelle-Aquitaine Pau
73%
Rugby Provence Alpes Côte d'Azur Toulon
73%
Rugby Auvergne Rhône-Alpes Clermont
71%
Football Bretagne Lorient
71%
Basketball Auvergne Rhône-Alpes Villeurbanne
68%
Volley-ball Corse Ajaccio
66%
Rugby Occitanie Perpignan
66%
Volley-ball Centre Val de Loire Tours
66%
Basketball/Handball Hauts de France Dunkerque
63%
Rugby Nouvelle-Aquitaine La Rochelle
61%
Basketball Auvergne Rhône-Alpes Bourg-en-Bresse
59%
Basketball Pays de la Loire Le Mans
59%
Rugby Nouvelle-Aquitaine Bayonne
56%
Basketball/Handball Nouvelle-Aquitaine Limoges
54%
Rugby Occitanie Castres
51%
Handball Occitanie Nîmes
51%
Volley-ball Provence Alpes Côte d'Azur Cannes
49%
Volley-ball Nouvelle-Aquitaine Poitiers
49%
Rugby Occitanie Montauban
41%
Basketball Île de France Nanterre
41%
Handball Provence Alpes Côte d'Azur Aix-en-Provence
39%
Basketball Bourgogne Franche-Comté Chalon-sur-Saône
39%
Handball Auvergne Rhône-Alpes Chambéry
39%
Rugby Nouvelle-Aquitaine Bègles
37%
Handball Centre Val de Loire Chartres
37%
Basketball Pays de la Loire Cholet
37%
Volley-ball Occitanie Narbonne
34%
Football/Handball Île de France Saint-Germain-en-Laye
34%
Volley-ball Pays de la Loire Saint-Nazaire
34%
Basketball Centre Val de Loire Blois
32%
Volley-ball Occitanie Sète
32%
Volley-ball Hauts de France Tourcoing
32%
Handball Provence Alpes Côte d'Azur Istres
29%
Handball Provence Alpes Côte d'Azur Saint-Raphaël
29%
Volley-ball Grand Est Chaumont
24%
Basketball Hauts de France Gravelines
20%
Basketball Hauts de France Saint-Quentin
20%
Handball Grand Est Sélestat
20%
Basketball Nouvelle-Aquitaine Boulazac Isle Manoire
17%
Basketball Hauts de France Le Portel
17%
Handball Bretagne Cesson-Sévigné
15%
Volley-ball Île de France Le Plessis-Robinson
12%
Handball Île de France Tremblay
10%
Aucun quiz correspondant
Distribution des résultats
% des personnes avec chaque résultat
Percentile par nombre de réponses
Votre historique - résultats
Vous n’avez pas pris ce quiz